NBA 2K 18 All time team starters - Statistics

General Stats
  • This quiz has been taken 556 times
    549 since last reset
  • The average score is 76 of 180
Answer Stats
Overall: City/Position: Team name/Player: % Correct
99 SF LeBron James
83%
99 SF LeBron James
83%
87 C DeAndre Jordan
80%
99 SG Michael Jordan
80%
98 SF Larry Bird
77%
99 PG Magic Johnson
77%
96 PG Stephen Curry
77%
95 PG Jason Kidd
76%
88 PF David West
75%
94 SF Dominique Wilkins
75%
96 PG Jerry West
75%
97 SF Kevin Durant
75%
96 SF Scottie Pippen
75%
98 C Bill Russell
74%
91 PG Kyrie Irving
74%
92 PG Chris Paul
73%
96 PG Chris Paul
73%
94 C Wilt Chamberlain
72%
97 PF Kevin Garnett
71%
90 SG Klay Thompson
71%
95 SG David Thompson
70%
93 PF Dennis Rodman
70%
94 PG Derrick Rose
69%
94 PG/SG James Harden
69%
94 PG Russell Westbrook
69%
95 SF Vince Carter
69%
96 PG Isiah Thomas
68%
98 SG Kobe Bryant
68%
88 PF Larry Johnson
68%
89 SG Joe Johnson
67%
96 PG Steve Nash
67%
97 SG Dwyane Wade
66%
97 SF Julius Erving
66%
94 PG Oscar Robertson
66%
97 PG Oscar Robertson
66%
90 SG Ray Allen
66%
95 SG Ray Allen
66%
85 SG Tony Allen
66%
92 PF Anthony Davis
65%
94 SF Carmelo Anthony
65%
95 SF Julius Erving
65%
97 PF Karl Malone
65%
97 SG Allen Iverson
64%
84 C Antonio Davis
64%
90 PG Baron Davis
64%
88 PF Chris Bosh
64%
92 PF Chris Bosh
64%
91 PF Kevin Love
64%
94 SF Paul Pierce
63%
98 PF Tim Duncan
63%
99 C Kareem Abdul-Jabbar
62%
97 C Kareem Abdul-Jabbar
62%
86 PG Kemba Walker
62%
94 PG Tony Parker
61%
90 PF Jermaine O'Neal
60%
93 C Marc Gasol
60%
92 PF Pau Gasol
60%
90 PF Blake Griffin
59%
95 PF Bob Pettit
59%
91 SF Paul George
58%
91 SG Tracy McGrady
58%
95 SG Tracy McGrady
58%
97 C David Robinson
57%
97 PF Dirk Nowitzki
57%
93 C Dwight Howard
57%
97 PG John Stockton
57%
95 C Patrick Ewing
57%
93 PG Penny Hardaway
57%
88 C Alonzo Mourning
56%
94 C Alonzo Mourning
56%
88 PG Tim Hardaway
56%
89 PG Damian Lillard
55%
95 SF Kawhi Leonard
55%
94 PG Gary Payton
54%
89 PF Ben Wallace
53%
91 SF Clyde Drexler
53%
96 SG Clyde Drexler
53%
87 C Brook Lopez
52%
95 C Shaquille O'Neal
52%
98 C Shaquille O'Neal
52%
98 C Hakeem Olajuwon
51%
88 PG Kyle Lowry
51%
87 PG Mike Conley
51%
91 SG DeMar DeRozan
49%
92 C Dikembe Mutombo
49%
96 SG John Havlicek
49%
93 SG Joe Dumars
47%
91 PG Mark Price
47%
95 SF Rick Barry
47%
89 PF Shawn Kemp
47%
92 C Yao Ming
47%
90 SF Giannis Antetokounmpo
46%
93 SF Alex English
45%
93 C Artis Gilmore
43%
98 C Wilt Chamberlain
43%
88 PF Buck Williams
42%
94 PF Bob McAdoo
41%
94 SF Chris Mullin
41%
96 SG George Gervin
41%
95 PG Walt Frazier
41%
95 C Bill Walton
40%
93 PF Chris Webber
36%
94 PF Willis Reed
35%
93 SF Grant Hill
34%
86 SF Grant Hill
34%
95 SG Pete Maravich
33%
88 C Zydrunas Ilgauskas
33%
88 SG Eddie Jones
31%
89 PF LaMarcus Aldridge
30%
89 SF Glen Rice
29%
93 SG Sidney Moncrief
29%
~ Orlando Magic
28%
85 PG Mark Jackson
28%
90 SF Shawn Marion
28%
89 C Mark Eaton
25%
86 SF Andrew Wiggins
24%
89 PF Brad Daugherty
24%
87 PG Sam Cassell
24%
~ Atlanta Hawks
23%
88 SF Peja Stojakovic
23%
91 PG Lou Hudson
21%
~ Brooklyn/New Jersey Nets
21%
82 C Shawn Bradley
21%
~ Milwaukee Bucks
20%
90 PG Fat Lever
20%
87 C Rik Smits
20%
92 SF Adrian Dantley
19%
95 PG Bob Cousy
19%
93 C Bob Lanier
19%
~ Chicago Bulls
19%
~ Boston Celtics
19%
~ Cleveland Cavaliers
18%
~ Charlotte Hornets
18%
~ New York Knicks
18%
~ Los Angeles Lakers
18%
~ Dallas Mavericks
18%
~ Denver Nuggets
18%
~ Minnesota Timberwolves
18%
~ Los Angeles Clippers
17%
~ Utah Jazz
17%
~ New Orleans Pelicans
17%
~ Detroit Pistons
17%
88 SG Rolando Blackman
17%
~ San Antonio Spurs
17%
~ Phoenix Suns
17%
~ Oklahoma City Thunder
17%
~ Golden State Warriors
17%
~ Philadelphia 76ers
16%
~ Memphis Grizzlies
16%
90 SG Hal Greer
16%
~ Sacramento Kings
16%
~ Indiana Pacers
16%
~ Portland Trailblazers
16%
92 C Amar'e Stoudemire
15%
~ Miami Heat
15%
90 PG John Wall
15%
88 SF Mark Aguirre
15%
94 SG Mitch Richmond
15%
~ Toronto Raptors
15%
~ Houston Rockets
15%
88 SG Ron Artest
15%
~ Washington Wizards
15%
94 C Wes Unseld
14%
91 SF Carmelo Anthony
13%
87 PG Derek Harper
13%
94 C Jerry Lucas
12%
92 C Dan Issel
11%
89 SG Allan Houston
10%
90 PF Billy Cunningham
10%
95 PF Elvin Hayes
10%
89 SF Jamal Mashburn
10%
89 PF Tom Chambers
10%
90 SG Drazen Petrovic
7%
86 SG Corey Maggette
6%
88 SG Paul Westphal
5%
85 SF Wally Szczerbiak
5%
86 SF Bernard King
4%
87 SF Jerome Kersey
4%
87 SG Earl Monroe
3%
86 SF Shareef Abdur-Rahim
3%
No matching quizzes found
Score Distribution
Percent of People with Each Score
Percentile by Number Answered
Your Score History
You have not taken this quiz since the last reset